000 00456nam a2200145Ia 4500
008 220217s9999 xx 000 0 und d
245 0 _aTesting of rubber. Sampling and preparation of specimens of raw rubber. Preparation of specimens of natural rubber (NR).
260 _c1974
500 _aStandard number: DIN 53 525 Part 3
650 _aNatural rubber
650 _aRaw rubber
650 _aSampling
650 _aSpecimen preparation
942 _cST
999 _c73338
_d73338